| 000 | 00950nas a2200241 4500 | ||
|---|---|---|---|
| 001 | BR8702044 | ||
| 003 | BR-BrBNA | ||
| 005 | 20231205090637.0 | ||
| 007 | ta | ||
| 008 | 230509b bl.|||p| |||| 00| 00por d | ||
| 040 |
_aBR-BrBNA _bpor _cBiblioteca Nacional de Agricultura |
||
| 041 | _a(Pt) | ||
| 072 | _aH60 | ||
| 100 | 1 | _aGroth, D. | |
| 111 | 1 |
_a4. Congresso da Sociedade Botanica de Sao Paulo _cTaubate, SP (Brazil) _d24-28 Sep 1984 |
|
| 245 | 1 | _aCaracterizacao morfologica das unidades de dispersao e das plantulas de tres especies invasoras do genero Sida L. (Malvaceae) | |
| 246 | 1 | _aMorphological characterization of the dispersal units and of the seedlings of three weed species of the genus Sida L. (Malvaceae) | |
| 650 | _aERVA DANINHA | ||
| 650 | _aSEMENTE | ||
| 773 | 0 |
_tAgronomia Sulriograndense (Brazil) _xISSN 0400-8111 _g(1985), v. 21(1) p. 3-19 _wBR8702044 |
|
| 909 |
_a202311 _bLúcia _c55 _dLúcia Elande |
||
| 942 |
_2AGRIS _n0 _cANA |
||
| 999 |
_c119985 _d119985 |
||